[Event "BI-2012-P-00022"]
[Site "LSS email"]
[Date "2012.04.20"]
[Round "?"]
[White "Nenciulescu, Silviu Catalin"]
[Black "Rossini, Carla"]
[Result "1-0"]
[WhiteElo "2107"]
[BlackElo "1030"]
[PlyCount "31"]
[EventDate "2012.04.22"]
[EventType "tourn (corr)"]
[EventRounds "10"]
[EventCountry "GER"]
[SourceTitle "Corr 2015"]
[Source "ChessBase"]
[SourceDate "2015.07.17"]
[SourceVersion "1"]
[SourceVersionDate "2015.07.17"]
[SourceQuality "1"]

1. Nf3 Nf6 2. c4 c5 3. Nc3 e6 4. d4 cxd4 5. Nxd4 Bc5 6. e3 0-0 7. Bd3 Nc6 8. 0-0 Nxd4 9. exd4 Bxd4 10. Bxh7+ Nxh7 11. Qxd4 Nf6 12. Bg5 b6 13. Ne4 d5 14. Nxf6+ gxf6 15. Bxf6 Qc7 16. Qg4+ 1-0

[Event "BI-2012-P-00022"]
[Site "LSS email"]
[Date "2012.04.20"]
[Round "?"]
[White "Panov, Sergey Ivanovich"]
[Black "Rossini, Carla"]
[Result "1-0"]
[WhiteElo "2148"]
[BlackElo "1030"]
[PlyCount "59"]
[EventDate "2012.04.22"]
[EventType "tourn (corr)"]
[EventRounds "10"]
[EventCountry "GER"]
[SourceTitle "Telechess CBM 159"]
[Source "ChessBase"]
[SourceDate "2014.03.17"]
[SourceVersion "1"]
[SourceVersionDate "2014.03.17"]
[SourceQuality "1"]

1. Nf3 Nf6 2. c4 e6 3. Nc3 c6 4. d4 d5 5. Bg5 Be7 6. e3 Ne4 7. Bxe7 Qxe7 8. Rc1 0-0 9. Bd3 Nd7 10. Bxe4 dxe4 11. Nxe4 Nb6 12. c5 Nd5 13. Nd6 b6 14. 0-0 bxc5 15. dxc5 Ba6 16. Re1 Nb4 17. Qa4 Nd3 18. Qxa6 Nxc5 19. Rxc5 Qxd6 20. Rxc6 Qd7 21. Rec1 h6 22. h3 Rfb8 23. b3 Rb7 24. Ne5 Qe7 25. Rc8+ Rxc8 26. Rxc8+ Kh7 27. Qd3+ g6 28. Ng4 a5 29. Qc3 h5 30. Qh8# 1-0

[Event "LSS No Engine Cup 60 Preliminary 6"]
[Site "LSS email"]
[Date "2012.02.19"]
[Round "?"]
[White "Rossini, Carla"]
[Black "Draba, Henryk"]
[Result "0-1"]
[WhiteElo "1024"]
[BlackElo "1587"]
[PlyCount "54"]
[EventDate "2012.02.20"]
[EventType "tourn (corr)"]
[EventRounds "6"]
[EventCountry "GER"]
[SourceTitle "Telechess CBM 153"]
[Source "ChessBase"]
[SourceDate "2013.03.14"]
[SourceVersion "1"]
[SourceVersionDate "2013.03.14"]
[SourceQuality "1"]

1. e4 e5 2. Nf3 Nc6 3. d4 exd4 4. Nxd4 Bc5 5. Be3 Qf6 6. c3 d6 7. Nxc6 bxc6 8. Bxc5 dxc5 9. Nd2 Rb8 10. Rb1 Ne7 11. Bd3 0-0 12. 0-0 Rd8 13. Qc2 Be6 14. e5 Qh6 15. f4 Nd5 16. f5 Ne3 17. Qa4 Bxf5 18. Rxf5 Nxf5 19. Bxf5 Rxd2 20. Qxa7 Rbd8 21. Qxc5 Rd1+ 22. Rxd1 Rxd1+ 23. Kf2 Qf4+ 24. Ke2 Rd2+ 25. Ke1 Rxb2 26. Qd4 Qc1+ 27. Qd1 Qe3+ 0-1

[Event "LSS No Engine Cup 60 Preliminary 6"]
[Site "LSS email"]
[Date "2012.02.19"]
[Round "?"]
[White "Rossini, Carla"]
[Black "Kapatos, Endre"]
[Result "0-1"]
[WhiteElo "1024"]
[BlackElo "1197"]
[PlyCount "70"]
[EventDate "2012.02.20"]
[EventType "tourn (corr)"]
[EventRounds "6"]
[EventCountry "GER"]
[SourceTitle "Telechess CBM 153"]
[Source "ChessBase"]
[SourceDate "2013.03.14"]
[SourceVersion "1"]
[SourceVersionDate "2013.03.14"]
[SourceQuality "1"]

1. e4 e5 2. Nf3 Nc6 3. d4 exd4 4. Nxd4 Qh4 5. Nxc6 Qxe4+ 6. Be3 dxc6 7. Nc3 Bb4 8. Qd3 Qxd3 9. Bxd3 Nf6 10. 0-0 0-0 11. Ne4 Nxe4 12. Bxe4 Be6 13. a3 Bd6 14. Rad1 a6 15. Rfe1 Rfd8 16. Bf3 Be5 17. g3 Kf8 18. b4 Ke7 19. Bc5+ Bd6 20. Bxd6+ Rxd6 21. c4 Rad8 22. Rxd6 Rxd6 23. Bg2 Rd4 24. c5 Rd3 25. f4 Rxa3 26. f5 Rb3 27. fxe6 Rxb4 28. exf7+ Kxf7 29. Rd1 a5 30. Rd7+ Kf6 31. Rxc7 a4 32. Rd7 a3 33. Rd1 a2 34. Rd6+ Ke5 35. Rd1 Rb1 0-1

[Event "BI-2011-F-00019"]
[Site "LSS email"]
[Date "2012.02.12"]
[Round "?"]
[White "Ausan, Leo Tito Jr"]
[Black "Rossini, Carla"]
[Result "1-0"]
[WhiteElo "1151"]
[BlackElo "1030"]
[PlyCount "65"]
[EventDate "2012.02.15"]
[EventType "tourn (corr)"]
[EventRounds "10"]
[EventCountry "GER"]
[SourceTitle "Telechess CBM 165"]
[Source "ChessBase"]
[SourceDate "2015.03.11"]
[SourceVersion "1"]
[SourceVersionDate "2015.03.11"]
[SourceQuality "1"]

1. e4 e6 2. d4 d5 3. Nd2 Nf6 4. e5 Nfd7 5. Bd3 c5 6. c3 cxd4 7. cxd4 Nc6 8. Ne2 Qb6 9. Nf3 Bb4+ 10. Bd2 0-0 11. 0-0 f6 12. exf6 Nxf6 13. a3 Bxd2 14. Qxd2 Bd7 15. Rfe1 Rae8 16. b4 e5 17. dxe5 Nxe5 18. Nxe5 Rxe5 19. Ng3 Rxe1+ 20. Rxe1 Bc6 21. h3 Bb5 22. Nf5 Bxd3 23. Qxd3 Kh8 24. Qg3 g6 25. Nd6 Ne4 26. Qe5+ Kg8 27. Qxd5+ Kg7 28. Nxe4 Kh6 29. Qg5+ Kg7 30. Nc5 Rf5 31. Re7+ Kg8 32. Qh6 Qd6 33. Qg7# 1-0

[Event "BI-2011-F-00019"]
[Site "LSS email"]
[Date "2012.02.12"]
[Round "?"]
[White "Helmbrecht, John R"]
[Black "Rossini, Carla"]
[Result "1/2-1/2"]
[WhiteElo "1496"]
[BlackElo "1030"]
[PlyCount "119"]
[EventDate "2012.02.15"]
[EventType "tourn (corr)"]
[EventRounds "10"]
[EventCountry "GER"]
[SourceTitle "Telechess CBM 165"]
[Source "ChessBase"]
[SourceDate "2015.03.11"]
[SourceVersion "1"]
[SourceVersionDate "2015.03.11"]
[SourceQuality "1"]

1. d4 d5 2. c4 e6 3. Nc3 Nf6 4. Bg5 Be7 5. e3 0-0 6. Rc1 h6 7. Bh4 a6 8. Nf3 c5 9. Bd3 dxc4 10. Bxc4 cxd4 11. exd4 b5 12. Bd3 Nc6 13. 0-0 Nb4 14. Bb1 Bb7 15. a3 Nbd5 16. Bg3 Rc8 17. Re1 b4 18. Nxd5 Bxd5 19. Rxc8 Qxc8 20. axb4 Qc4 21. Bd3 Qxb4 22. Bxa6 Qxb2 23. Qb1 Qxb1 24. Rxb1 Ne4 25. Bf4 g5 26. Be3 Nc3 27. Rc1 Bb4 28. Ne5 Bb7 29. Bxb7 Ne2+ 30. Kf1 Nxc1 31. Bxc1 Rb8 32. Be4 Bc3 33. Be3 f5 34. Bd3 f4 35. Bc1 Rc8 36. Bc4 Kg7 37. Bxe6 Rc7 38. Nf3 Bxd4 39. Nxd4 Rxc1+ 40. Ke2 Kf6 41. Bg4 Ke5 42. Nf3+ Ke4 43. Nd2+ Ke5 44. Kd3 Rc7 45. Nf3+ Kf6 46. Nd4 Rc1 47. h3 Ke5 48. Nf3+ Kf6 49. Nd2 Rg1 50. Bf3 Ra1 51. Bc6 Ra6 52. Bd5 Ke5 53. Bf7 Ra3+ 54. Ke2 Kf6 55. Bc4 Ke5 56. Nf3+ Kf6 57. Nh2 Ra4 58. Ng4+ Kg6 59. Bd3+ Kg7 60. Kf3 1/2-1/2

[Event "BI-2011-F-00019"]
[Site "LSS email"]
[Date "2012.02.12"]
[Round "?"]
[White "Hillebrand, Carsten"]
[Black "Rossini, Carla"]
[Result "1-0"]
[WhiteElo "1574"]
[BlackElo "1030"]
[PlyCount "57"]
[EventDate "2012.02.15"]
[EventType "tourn (corr)"]
[EventRounds "10"]
[EventCountry "GER"]
[SourceTitle "Telechess CBM 165"]
[Source "ChessBase"]
[SourceDate "2015.03.11"]
[SourceVersion "1"]
[SourceVersionDate "2015.03.11"]
[SourceQuality "1"]

1. c4 c5 2. g3 g6 3. Bg2 Bg7 4. Nc3 e6 5. Nf3 Ne7 6. 0-0 Nbc6 7. d3 0-0 8. Bd2 d5 9. Qc1 Bd7 10. Rb1 d4 11. Ne4 Qb6 12. b4 cxb4 13. a3 a5 14. Ne1 b3 15. c5 Qb5 16. Nd6 Qa6 17. Rxb3 Ne5 18. Rb6 Qa7 19. Rxb7 Qa6 20. f4 Bc6 21. fxe5 Bxg2 22. Nxg2 Bxe5 23. Rxe7 Bxd6 24. cxd6 Qxd6 25. Rc7 e5 26. Bh6 Rfe8 27. Rfxf7 Qxa3 28. Rg7+ Kf8 29. Rcf7# 1-0

[Event "OP-2011-0-01889"]
[Site "LSS email"]
[Date "2011.11.20"]
[Round "?"]
[White "Hammerschmidt, Volker"]
[Black "Rossini, Carla"]
[Result "1-0"]
[WhiteElo "1571"]
[BlackElo "1067"]
[PlyCount "47"]
[EventDate "2011.11.17"]
[EventType "tourn (corr)"]
[EventRounds "4"]
[EventCountry "GER"]
[SourceTitle "Telechess CBM 157"]
[Source "ChessBase"]
[SourceDate "2013.11.12"]
[SourceVersion "1"]
[SourceVersionDate "2013.11.12"]
[SourceQuality "1"]

1. d4 d5 2. a3 Nf6 3. Nf3 e6 4. b3 Bd6 5. e3 0-0 6. Bb2 c5 7. dxc5 Bxc5 8. Bd3 Bd7 9. Nbd2 Qe7 10. 0-0 Nc6 11. b4 Bb6 12. b5 Na5 13. Ne5 Rac8 14. Rb1 Qd6 15. Qf3 Nc4 16. Ndxc4 dxc4 17. Nxc4 Qc5 18. Bxf6 gxf6 19. Nxb6 Qxb6 20. Qxf6 e5 21. Qg5+ Kh8 22. Qxe5+ f6 23. Qe7 Qe6 24. Qxh7# 1-0

[Event "OP-2011-0-01889"]
[Site "LSS email"]
[Date "2011.11.20"]
[Round "?"]
[White "Rossini, Carla"]
[Black "Ausan, Leo Tito Jr"]
[Result "0-1"]
[WhiteElo "1067"]
[BlackElo "1192"]
[PlyCount "90"]
[EventDate "2011.11.17"]
[EventType "tourn (corr)"]
[EventRounds "4"]
[EventCountry "GER"]
[SourceTitle "Telechess CBM 157"]
[Source "ChessBase"]
[SourceDate "2013.11.12"]
[SourceVersion "1"]
[SourceVersionDate "2013.11.12"]
[SourceQuality "1"]

1. e4 g6 2. d4 d6 3. Be3 Nf6 4. Nc3 c6 5. Bd3 Qc7 6. Nf3 Bg7 7. 0-0 e5 8. dxe5 dxe5 9. Qd2 b6 10. Rad1 0-0 11. Rfe1 Ba6 12. Bh6 Bxd3 13. cxd3 Nbd7 14. Bxg7 Kxg7 15. h3 Rad8 16. Qg5 h6 17. Qe3 Rfe8 18. d4 exd4 19. Qxd4 Ne5 20. Qe3 Nxf3+ 21. Qxf3 Qe5 22. Rxd8 Rxd8 23. Nd1 Rd2 24. Ne3 Qxe4 25. Qxe4 Nxe4 26. Nc4 Rd4 27. b3 Nf6 28. Re7 Rd7 29. Rxd7 Nxd7 30. Kf1 Kf6 31. Nd6 Ke6 32. Nc4 Ne5 33. Nxe5 Kxe5 34. Ke2 Kd4 35. Kd2 c5 36. g3 c4 37. bxc4 Kxc4 38. Kc2 b5 39. a3 a5 40. f3 b4 41. axb4 Kxb4 42. Kb2 Kc4 43. Kc2 Kd4 44. Kd2 a4 45. g4 a3 0-1

[Event "ZL-2011-0-01022"]
[Site "LSS email"]
[Date "2011.11.20"]
[Round "?"]
[White "Rush, Bradley"]
[Black "Rossini, Carla"]
[Result "1-0"]
[WhiteElo "1155"]
[BlackElo "1110"]
[PlyCount "51"]
[EventDate "2011.11.15"]
[EventType "match (corr)"]
[EventRounds "2"]
[EventCountry "GER"]
[SourceTitle "Telechess CBM 149"]
[Source "ChessBase"]
[SourceDate "2012.07.17"]
[SourceVersion "1"]
[SourceVersionDate "2012.07.17"]
[SourceQuality "1"]

1. b4 Nf6 2. Bb2 g6 3. c4 Bg7 4. e3 0-0 5. Nf3 d6 6. Be2 c5 7. b5 Bd7 8. Nc3 e5 9. Ng5 Be8 10. Nge4 Nxe4 11. Nxe4 Nd7 12. Nxd6 Qc7 13. Ne4 b6 14. 0-0 Nf6 15. Nxf6+ Bxf6 16. Qc2 Rd8 17. a4 Qd7 18. d3 Bg7 19. Rfd1 e4 20. Bxg7 Kxg7 21. Rd2 exd3 22. Rxd3 Qe7 23. Rad1 Bd7 24. Qd2 Bf5 25. Rxd8 Rxd8 26. Qxd8 1-0

[Event "LSS No Engine Cup 53 Preliminary 4"]
[Site "LSS email"]
[Date "2011.11.03"]
[Round "?"]
[White "Rossini, Carla"]
[Black "Digalakis, Georgios"]
[Result "1/2-1/2"]
[WhiteElo "1067"]
[BlackElo "1635"]
[PlyCount "77"]
[EventDate "2011.11.04"]
[EventType "tourn (corr)"]
[EventRounds "6"]
[EventCountry "GER"]
[SourceTitle "Telechess CBM 157"]
[Source "ChessBase"]
[SourceDate "2013.11.12"]
[SourceVersion "1"]
[SourceVersionDate "2013.11.12"]
[SourceQuality "1"]

1. e4 e5 2. Nf3 Nc6 3. d4 exd4 4. Nxd4 Bc5 5. Be3 Qf6 6. c3 Nge7 7. Be2 0-0 8. 0-0 d5 9. exd5 Nxd5 10. Bf3 Nxe3 11. fxe3 Qh6 12. Bxc6 Qxe3+ 13. Kh1 bxc6 14. Nxc6 Bb7 15. Nd4 Rad8 16. Nd2 Bxd4 17. cxd4 Rxd4 18. Qb3 Bxg2+ 19. Kxg2 Rxd2+ 20. Kh1 Qe4+ 21. Qf3 Qxf3+ 22. Rxf3 Rxb2 23. Rc3 Rc8 24. a4 c5 25. Rac1 g6 26. Rxc5 Rxc5 27. Rxc5 Rb4 28. Ra5 Rb7 29. Kg2 f5 30. Kf3 Kf7 31. Kf4 Ke6 32. Ra6+ Kd5 33. h4 Kc4 34. Re6 a5 35. h5 gxh5 36. Rh6 Kb4 37. Rxh5 Kxa4 38. Rxf5 Kb3 39. Rxa5 1/2-1/2

[Event "SF-2011-0-00116"]
[Site "LSS email"]
[Date "2011.10.22"]
[Round "?"]
[White "Rossini, Carla"]
[Black "Medelet, Gabriela"]
[Result "0-1"]
[WhiteElo "1030"]
[BlackElo "1089"]
[PlyCount "76"]
[EventDate "2011.09.26"]
[EventType "tourn (corr)"]
[EventRounds "6"]
[EventCountry "GER"]
[SourceTitle "Telechess CBM 153"]
[Source "ChessBase"]
[SourceDate "2013.03.14"]
[SourceVersion "1"]
[SourceVersionDate "2013.03.14"]
[SourceQuality "1"]

1. e4 e5 2. Nf3 Nc6 3. d4 exd4 4. Nxd4 Nxd4 5. Qxd4 d6 6. Nc3 Nf6 7. Bg5 Be7 8. 0-0-0 h6 9. Bh4 0-0 10. e5 dxe5 11. Qxe5 Bd7 12. Bc4 Re8 13. Bxf6 Bxf6 14. Qd5 Be6 15. Qxd8 Raxd8 16. Bxe6 Rxd1+ 17. Nxd1 Rxe6 18. Ne3 Bg5 19. Re1 Bxe3+ 20. Rxe3 Rxe3 21. fxe3 f5 22. Kd2 Kf7 23. Ke2 Ke6 24. Kf3 g5 25. h3 h5 26. g4 fxg4+ 27. hxg4 h4 28. c4 a5 29. a3 Ke5 30. b4 axb4 31. axb4 b6 32. e4 Kd4 33. c5 bxc5 34. bxc5 Kxc5 35. Ke3 c6 36. Kd3 h3 37. e5 h2 38. e6 Kd6 0-1

[Event "SF-2011-0-00116"]
[Site "LSS email"]
[Date "2011.10.22"]
[Round "?"]
[White "Rossini, Carla"]
[Black "Razo, Ryan Jose"]
[Result "0-1"]
[WhiteElo "1030"]
[BlackElo "1266"]
[PlyCount "62"]
[EventDate "2011.09.26"]
[EventType "tourn (corr)"]
[EventRounds "6"]
[EventCountry "GER"]
[SourceTitle "Telechess CBM 153"]
[Source "ChessBase"]
[SourceDate "2013.03.14"]
[SourceVersion "1"]
[SourceVersionDate "2013.03.14"]
[SourceQuality "1"]

1. e4 e6 2. d4 d5 3. exd5 exd5 4. Bd3 Bd6 5. Nf3 Bg4 6. c3 Ne7 7. 0-0 0-0 8. Bg5 f6 9. Be3 Nbc6 10. Be2 Qd7 11. Nbd2 Nf5 12. h3 Bh5 13. Qc2 Nxe3 14. fxe3 Bg6 15. Bd3 Bxd3 16. Qxd3 f5 17. Nh4 Ne7 18. c4 c6 19. cxd5 cxd5 20. Ndf3 Qe6 21. Ng5 Qf6 22. Ngf3 Bg3 23. Nxf5 Nxf5 24. Ne5 Qg5 25. Rf4 Bxf4 26. exf4 Qxf4 27. Rf1 Qg5 28. Nd7 Ne3 29. Rxf8+ Rxf8 30. Qe2 Rf1+ 31. Kh2 Qf4+ 0-1

[Event "OP-2011-0-01831"]
[Site "LSS email"]
[Date "2011.10.21"]
[Round "?"]
[White "Rossini, Carla"]
[Black "Lombardi, Donato"]
[Result "0-1"]
[WhiteElo "1110"]
[BlackElo "900"]
[PlyCount "44"]
[EventDate "2011.10.18"]
[EventType "tourn (corr)"]
[EventRounds "4"]
[EventCountry "GER"]
[SourceTitle "Telechess CBM 149"]
[Source "ChessBase"]
[SourceDate "2012.07.17"]
[SourceVersion "1"]
[SourceVersionDate "2012.07.17"]
[SourceQuality "1"]

1. e4 e6 2. d4 d5 3. exd5 exd5 4. Bd3 Bd6 5. Nf3 Nf6 6. 0-0 0-0 7. Bg5 Bg4 8. Nbd2 Nbd7 9. c3 c6 10. Qc2 Qc7 11. Rfe1 Bf4 12. Bxf4 Qxf4 13. h3 Bh5 14. Bxh7+ Nxh7 15. Re7 Nhf6 16. Rae1 Ne4 17. Nxe4 dxe4 18. Ne5 Nxe5 19. Rxe5 Qxe5 20. d5 cxd5 21. Qe2 Bxe2 22. Rxe2 Rfe8 0-1

[Event "OP-2011-0-01831"]
[Site "LSS email"]
[Date "2011.10.21"]
[Round "?"]
[White "Simik, Frantisek"]
[Black "Rossini, Carla"]
[Result "1-0"]
[WhiteElo "1030"]
[BlackElo "1110"]
[PlyCount "83"]
[EventDate "2011.10.18"]
[EventType "tourn (corr)"]
[EventRounds "4"]
[EventCountry "GER"]
[SourceTitle "Telechess CBM 149"]
[Source "ChessBase"]
[SourceDate "2012.07.17"]
[SourceVersion "1"]
[SourceVersionDate "2012.07.17"]
[SourceQuality "1"]

1. e4 e6 2. d4 d5 3. e5 c5 4. Bb5+ Nc6 5. c3 Bd7 6. Bxc6 bxc6 7. Ne2 cxd4 8. cxd4 c5 9. 0-0 cxd4 10. Nxd4 Ne7 11. Nc3 Nc6 12. Nxc6 Bxc6 13. Be3 Be7 14. Bd4 0-0 15. b3 Qa5 16. Qf3 Rac8 17. Rfc1 Bb4 18. h3 Bd7 19. a4 Bxc3 20. Bxc3 Qb6 21. Bd2 Rb8 22. b4 a5 23. b5 Rbc8 24. Qg3 Qd4 25. Bh6 Rxc1+ 26. Rxc1 g6 27. Bxf8 Kxf8 28. Rc7 Ke7 29. Qb3 Qa1+ 30. Kh2 Qxe5+ 31. Qg3 Qa1 32. Qh4+ Kd6 33. Qd8 Qe5+ 34. g3 Qe2 35. Rxd7+ Ke5 36. Qg5+ f5 37. Qe3+ Qxe3 38. fxe3 Ke4 39. Ra7 h5 40. b6 Kxe3 41. b7 d4 42. b8Q 1-0

[Event "CP-2011-P-00024"]
[Site "LSS email"]
[Date "2011.09.30"]
[Round "?"]
[White "Fels, Bernhard"]
[Black "Rossini, Carla"]
[Result "1-0"]
[WhiteElo "2019"]
[BlackElo "1110"]
[PlyCount "53"]
[EventDate "2011.10.01"]
[EventType "tourn (corr)"]
[EventRounds "6"]
[EventCountry "GER"]
[SourceTitle "Telechess CBM 149"]
[Source "ChessBase"]
[SourceDate "2012.07.17"]
[SourceVersion "1"]
[SourceVersionDate "2012.07.17"]
[SourceQuality "1"]

1. b4 Nf6 2. Bb2 e6 3. a3 d5 4. Nf3 c5 5. bxc5 Bxc5 6. e3 Nc6 7. d4 Bd6 8. c4 dxc4 9. Bxc4 Qb6 10. Qe2 Bd7 11. Nc3 0-0 12. 0-0 Na5 13. Bd3 Rac8 14. Rab1 Qc7 15. Rfc1 Qd8 16. e4 Nb3 17. e5 Nxc1 18. Rxc1 Bxa3 19. Bxa3 Re8 20. exf6 Qxf6 21. Ne5 Bc6 22. Ne4 Bxe4 23. Rxc8 Rxc8 24. Qxe4 g6 25. Qxb7 Rc3 26. Qb8+ Kg7 27. Qf8# 1-0

[Event "CP-2011-P-00024"]
[Site "LSS email"]
[Date "2011.09.30"]
[Round "?"]
[White "Rossini, Carla"]
[Black "Kelemen, Gyorgy"]
[Result "0-1"]
[WhiteElo "1110"]
[BlackElo "1928"]
[PlyCount "68"]
[EventDate "2011.10.01"]
[EventType "tourn (corr)"]
[EventRounds "6"]
[EventCountry "GER"]
[SourceTitle "Telechess CBM 149"]
[Source "ChessBase"]
[SourceDate "2012.07.17"]
[SourceVersion "1"]
[SourceVersionDate "2012.07.17"]
[SourceQuality "1"]

1. e4 c5 2. Nf3 d6 3. d4 cxd4 4. Nxd4 Nf6 5. Nc3 a6 6. Bd3 e6 7. 0-0 b5 8. a3 Nbd7 9. Be3 Bb7 10. f3 Be7 11. Qe2 0-0 12. Rad1 Qc7 13. Rfe1 d5 14. exd5 Nxd5 15. Nxd5 Bxd5 16. Nb3 Bf6 17. Bf2 Be5 18. g3 Bxb2 19. c4 bxc4 20. Qxb2 cxd3 21. Rxd3 Rab8 22. Qc3 Qxc3 23. Rxc3 Rxb3 24. Rxb3 Bxb3 25. Rb1 Bd5 26. Kg2 Ne5 27. Bc5 Rc8 28. Kh3 Nxf3 29. Bb4 h6 30. Rd1 Rc2 31. Be7 Rxh2+ 32. Kg4 g5 33. Rxd5 exd5 34. Kxf3 f5 0-1

[Event "OP-2011-0-01762"]
[Site "LSS email"]
[Date "2011.09.06"]
[Round "?"]
[White "Kolanek, Roman"]
[Black "Rossini, Carla"]
[Result "1-0"]
[WhiteElo "2037"]
[BlackElo "1154"]
[PlyCount "41"]
[EventDate "2011.09.03"]
[EventType "tourn (corr)"]
[EventRounds "4"]
[EventCountry "GER"]
[SourceTitle "Telechess CBM 151"]
[Source "ChessBase"]
[SourceDate "2012.11.13"]
[SourceVersion "1"]
[SourceVersionDate "2012.11.13"]
[SourceQuality "1"]

1. d4 d5 2. c4 e6 3. Nf3 Nf6 4. e3 Bd6 5. Nc3 0-0 6. Be2 Re8 7. c5 Be7 8. b4 c6 9. 0-0 b6 10. Qc2 bxc5 11. bxc5 Ba6 12. Bxa6 Nxa6 13. Rb1 Rb8 14. Qa4 Rxb1 15. Nxb1 Qc8 16. Ne5 Ne4 17. f3 Nf6 18. Nxc6 Qb7 19. Nc3 Qb4 20. Nxb4 Nxb4 21. Qxb4 1-0

[Event "OP-2011-0-01762"]
[Site "LSS email"]
[Date "2011.09.06"]
[Round "?"]
[White "Rossini, Carla"]
[Black "Santos, Maria Cristina"]
[Result "0-1"]
[WhiteElo "1154"]
[BlackElo "1667"]
[PlyCount "60"]
[EventDate "2011.09.03"]
[EventType "tourn (corr)"]
[EventRounds "4"]
[EventCountry "GER"]
[SourceTitle "Telechess CBM 151"]
[Source "ChessBase"]
[SourceDate "2012.11.13"]
[SourceVersion "1"]
[SourceVersionDate "2012.11.13"]
[SourceQuality "1"]

1. e4 c5 2. Nf3 d6 3. d4 cxd4 4. Nxd4 Nf6 5. Nc3 g6 6. Bg5 Bg7 7. Bd3 Nc6 8. Nxc6 bxc6 9. 0-0 Qa5 10. Bxf6 Bxf6 11. Qd2 Rb8 12. a3 Rxb2 13. Rfd1 Bxc3 14. Qe3 0-0 15. Rac1 Be6 16. h3 Rfb8 17. f4 R2b7 18. f5 Ba2 19. fxg6 hxg6 20. Qh6 Bb2 21. e5 Qc5+ 22. Kh1 Bxc1 23. Rxc1 Qxe5 24. g4 Bd5+ 25. Kg1 Qg3+ 26. Kf1 Rb1 27. Bxg6 Qg2+ 28. Ke1 Rxc1+ 29. Qxc1 fxg6 30. Qh6 Rb1+ 0-1

[Event "OP-2011-0-01737"]
[Site "LSS email"]
[Date "2011.08.23"]
[Round "?"]
[White "Mityaev, Sergey Petrovich"]
[Black "Rossini, Carla"]
[Result "1-0"]
[WhiteElo "1723"]
[BlackElo "1110"]
[PlyCount "49"]
[EventDate "2011.08.20"]
[EventType "tourn (corr)"]
[EventRounds "4"]
[EventCountry "GER"]
[SourceTitle "Telechess CBM 149"]
[Source "ChessBase"]
[SourceDate "2012.07.17"]
[SourceVersion "1"]
[SourceVersionDate "2012.07.17"]
[SourceQuality "1"]

1. d4 d5 2. c4 Nf6 3. cxd5 Nxd5 4. e4 Nb6 5. Nc3 e6 6. Nf3 Nc6 7. Be2 Bb4 8. 0-0 0-0 9. a3 Be7 10. b4 Bd7 11. Qc2 a6 12. Rd1 Qe8 13. d5 exd5 14. Nxd5 Be6 15. Nxc7 Qc8 16. Nxa8 Qxa8 17. Ng5 Bxg5 18. Bxg5 h6 19. Be3 Rc8 20. Bxb6 Nxb4 21. Qb2 Rc2 22. Qxb4 a5 23. Qe7 Rxe2 24. Rd8+ Qxd8 25. Qxd8+ 1-0

[Event "OP-2011-0-01657"]
[Site "LSS email"]
[Date "2011.07.13"]
[Round "?"]
[White "Raines, David T"]
[Black "Rossini, Carla"]
[Result "1-0"]
[WhiteElo "1144"]
[BlackElo "1154"]
[PlyCount "91"]
[EventDate "2011.07.11"]
[EventType "tourn (corr)"]
[EventRounds "4"]
[EventCountry "GER"]
[SourceTitle "Telechess CBM 151"]
[Source "ChessBase"]
[SourceDate "2012.11.13"]
[SourceVersion "1"]
[SourceVersionDate "2012.11.13"]
[SourceQuality "1"]

1. Nf3 Nf6 2. c4 c5 3. g3 Nc6 4. Bg2 g6 5. 0-0 Bg7 6. Nc3 0-0 7. d4 cxd4 8. Nxd4 e5 9. Ndb5 d6 10. Nd5 Ne7 11. Nxe7+ Qxe7 12. Qxd6 Qxd6 13. Nxd6 Be6 14. b3 Rad8 15. Nxb7 Rb8 16. Nc5 Rfe8 17. Nxe6 Rxe6 18. Bb2 Nd7 19. Rad1 Nc5 20. Bd5 Re7 21. Ba3 Rc7 22. b4 Nd7 23. b5 Nf6 24. Bd6 Nxd5 25. cxd5 Rcb7 26. Bxb8 Rxb8 27. a4 f5 28. Rc1 e4 29. Rfd1 Bb2 30. Rc7 Be5 31. Rxa7 Rc8 32. d6 Rd8 33. d7 Kf7 34. b6 Ke7 35. Rc7 Bxc7 36. bxc7 Rxd7 37. c8N+ Kd8 38. Rxd7+ Kxd7 39. Nb6+ Kc6 40. Nc4 Kc5 41. a5 Kb5 42. e3 h6 43. h4 g5 44. hxg5 hxg5 45. Kf1 Kxc4 46. a6 1-0

[Event "OP-2011-0-01657"]
[Site "LSS email"]
[Date "2011.07.13"]
[Round "?"]
[White "Rossini, Carla"]
[Black "Vontina, Maria"]
[Result "1/2-1/2"]
[WhiteElo "1154"]
[BlackElo "800"]
[PlyCount "91"]
[EventDate "2011.07.11"]
[EventType "tourn (corr)"]
[EventRounds "4"]
[EventCountry "GER"]
[SourceTitle "Telechess CBM 151"]
[Source "ChessBase"]
[SourceDate "2012.11.13"]
[SourceVersion "1"]
[SourceVersionDate "2012.11.13"]
[SourceQuality "1"]

1. e4 e6 2. d4 d5 3. exd5 exd5 4. Bd3 Nf6 5. Nf3 Bg4 6. 0-0 Be7 7. Re1 0-0 8. Bg5 c6 9. Nbd2 Nbd7 10. c3 Bd6 11. Qc2 Qc7 12. h3 Bh5 13. Bf5 Rae8 14. Bxd7 Qxd7 15. Bxf6 gxf6 16. Re3 Bg6 17. Qb3 Rxe3 18. fxe3 Re8 19. Re1 b6 20. Nh4 Bg3 21. Nxg6 fxg6 22. e4 Rd8 23. Rf1 Kg7 24. e5 fxe5 25. dxe5 Bxe5 26. Nf3 Bf6 27. Qc2 c5 28. Kh1 Qc6 29. a3 d4 30. cxd4 Bxd4 31. Nxd4 Rxd4 32. b4 Rd5 33. Qe4 Qd7 34. Qf3 Rf5 35. Qc3+ Kg8 36. Rxf5 Qxf5 37. Qe3 cxb4 38. axb4 Kf7 39. Kh2 Qd5 40. Qf4+ Ke6 41. Qg4+ Qf5 42. Qc4+ Qd5 43. Qc8+ Qd7 44. Qg8+ Kf6 45. Qf8+ Qf7 46. Qd6+ 1/2-1/2

[Event "OP-2011-0-01620"]
[Site "LSS email"]
[Date "2011.06.26"]
[Round "?"]
[White "Molina, Vicente Andres"]
[Black "Rossini, Carla"]
[Result "0-1"]
[WhiteElo "793"]
[BlackElo "1154"]
[PlyCount "50"]
[EventDate "2011.06.23"]
[EventType "tourn (corr)"]
[EventRounds "4"]
[EventCountry "GER"]
[SourceTitle "Telechess CBM 151"]
[Source "ChessBase"]
[SourceDate "2012.11.13"]
[SourceVersion "1"]
[SourceVersionDate "2012.11.13"]
[SourceQuality "1"]

1. e4 e6 2. d4 d5 3. e5 c5 4. c3 Nc6 5. Nf3 Qb6 6. Bd3 cxd4 7. cxd4 Bd7 8. Bc2 Nge7 9. 0-0 Nf5 10. Re1 Be7 11. g4 Nfxd4 12. Nxd4 Nxd4 13. Bd3 Bc5 14. Nc3 Bc6 15. a4 Nb3 16. Rb1 Bxf2+ 17. Kg2 Bxe1 18. Qxe1 d4+ 19. Ne4 0-0 20. Bg5 Nc5 21. Be7 Nxd3 22. Qh4 Bxe4+ 23. Kg3 Rfe8 24. Bf6 gxf6 25. exf6 Qd6+ 0-1